[Event "Basso Veronese-B 2nd"]
[Site "Casaleone"]
[Date "2009.11.15"]
[Round "5"]
[White "Bellini, Luca"]
[Black "Dall Ora, Gianfranco"]
[Result "0-1"]
[WhiteElo "1615"]
[BlackElo "1715"]
[PlyCount "108"]
[EventDate "2009.11.07"]
[EventType "swiss"]
[EventRounds "6"]
[EventCountry "ITA"]
[SourceTitle "EXT 2015"]
[Source "ChessBase"]
[SourceDate "2014.11.20"]
[SourceVersion "1"]
[SourceVersionDate "2014.11.20"]
[SourceQuality "1"]

1. e4 e5 2. Nf3 Nc6 3. d4 exd4 4. Nxd4 Bc5 5. Nxc6 Qf6 6. Qd2 dxc6 7. Bd3 Be6 8. 0-0 Nh6 9. h3 0-0-0 10. Nc3 Bc4 11. Qg5 Qxg5 12. Bxg5 Bxd3 13. cxd3 Rxd3 14. Rad1 Rxd1 15. Rxd1 Re8 16. a3 Ng8 17. b4 Bd6 18. Be3 Be5 19. Na4 Bd6 20. Bxa7 Rxe4 21. Kf1 Nf6 22. f3 Re8 23. Bd4 Nd5 24. Nc3 Ne3+ 25. Bxe3 Rxe3 26. Ne4 Rxa3 27. Nxd6+ cxd6 28. Rxd6 Ra4 29. Rd4 c5 30. Rf4 f6 31. Rg4 g6 32. Rh4 h5 33. Rf4 f5 34. Rc4 b6 35. Rc2 Rxb4 36. Kf2 Rd4 37. Rb2 Kc7 38. Ra2 c4 39. Ke3 Rd6 40. Ra7+ Kc6 41. Ra8 Kc5 42. Rc8+ Kb4 43. Rc7 Kb3 44. g4 fxg4 45. hxg4 hxg4 46. fxg4 c3 47. Ke4 c2 48. Ke5 Rd1 49. Rc6 c1Q 50. Rxb6+ Ka4 51. Ra6+ Kb5 52. Rxg6 Qe3+ 53. Kf6 Rf1+ 54. Kg7 Qe7+ 0-1